| 000 | 00402nam a2200181Ia 4500 | ||
|---|---|---|---|
| 005 | 20251020182536.0 | ||
| 008 | 200515s9999 xx 000 0 und d | ||
| 082 | _a72/O77 | ||
| 100 | _aOSHIRO HIGA, Fernando | ||
| 245 | 0 | _aLibro del arquitecto | |
| 260 | _aLima | ||
| 260 | _cs.a. | ||
| 300 | _a283 | ||
| 500 | _a1 ejemplar | ||
| 650 | _aDISEÑO SISMORESISTENTE | ||
| 650 | _aLIB | ||
| 942 | _cLIB | ||
| 999 |
_c2248 _d2248 |
||